[Event "Natal-ch"]
[Site "Mangaratiba"]
[Date "2009.12.30"]
[Round "4.4"]
[White "Bede, Arnaldo Gomes"]
[Black "Sobrinho, Pericles Duarte"]
[Result "1-0"]
[WhiteElo "1800"]
[BlackElo "2148"]
[PlyCount "27"]
[EventDate "2009.12.28"]
[EventType "swiss"]
[EventRounds "7"]
[EventCountry "BRA"]
[SourceTitle "EXT 2022"]
[Source "ChessBase"]
[SourceDate "2021.10.06"]
[SourceVersion "1"]
[SourceVersionDate "2021.10.06"]
[SourceQuality "1"]

1. e4 e5 2. Nf3 Nc6 3. Bb5 a6 4. Ba4 Nf6 5. 0-0 b5 6. Bb3 Be7 7. Re1 0-0 8. d4 Nxd4 9. Bxf7+ Rxf7 10. Nxe5 Ne6 11. Nxf7 Kxf7 12. e5 Ne8 13. Qf3+ Kg8 14. Qxa8 1-0

[Event "Natal-ch"]
[Site "Mangaratiba"]
[Date "2009.12.28"]
[Round "2.5"]
[White "Jacome, Fernando Almeida"]
[Black "Sobrinho, Pericles Duarte"]
[Result "1/2-1/2"]
[WhiteElo "2044"]
[BlackElo "2148"]
[PlyCount "28"]
[EventDate "2009.12.28"]
[EventType "swiss"]
[EventRounds "7"]
[EventCountry "BRA"]
[SourceTitle "EXT 2022"]
[Source "ChessBase"]
[SourceDate "2021.10.06"]
[SourceVersion "1"]
[SourceVersionDate "2021.10.06"]
[SourceQuality "1"]

1. c4 Nf6 2. Nc3 e6 3. e3 Be7 4. d4 0-0 5. Bd3 d5 6. cxd5 Nxd5 7. Nxd5 exd5 8. Nf3 Bd6 9. 0-0 Nc6 10. Bd2 Rb8 11. Re1 Qf6 12. h3 h6 13. Bc3 Bf5 14. Bxf5 Qxf5 1/2-1/2

[Event "Rio de Janeiro Baptista Caiafa Memorial"]
[Site "Rio de Janeiro"]
[Date "2009.05.04"]
[Round "2.4"]
[White "Medeiros, Jorge Luis Cabral"]
[Black "Sobrinho, Pericles Duarte"]
[Result "1-0"]
[WhiteElo "2201"]
[BlackElo "2148"]
[PlyCount "95"]
[EventDate "2009.05.01"]
[EventType "tourn"]
[EventRounds "9"]
[EventCountry "BRA"]
[SourceTitle "EXT 2022"]
[Source "ChessBase"]
[SourceDate "2021.10.06"]
[SourceVersion "1"]
[SourceVersionDate "2021.10.06"]
[SourceQuality "1"]

1. b3 e5 2. Bb2 Nc6 3. e3 f5 4. Bb5 d6 5. Ne2 Nf6 6. 0-0 Be7 7. d4 exd4 8. Nxd4 Bd7 9. Bxc6 bxc6 10. Qf3 d5 11. Nxf5 Bxf5 12. Qxf5 Qc8 13. Qxc8+ Rxc8 14. Nd2 0-0 15. Rfd1 Bb4 16. c3 Be7 17. h3 c5 18. Nf3 c6 19. c4 dxc4 20. bxc4 Rb8 21. Rab1 Rb6 22. Bxf6 Bxf6 23. e4 Rfb8 24. Rxb6 axb6 25. Rd6 Rc8 26. e5 Be7 27. Rd7 Kf8 28. Rb7 Bd8 29. Ne1 Ra8 30. Nd3 Rxa2 31. Nf4 g5 32. Ne6+ Ke8 33. Ng7+ Kf8 34. Nf5 Re2 35. Rb8 Ke8 36. e6 Re1+ 37. Kh2 Re5 38. Nd6+ Ke7 39. Rxd8 Rxe6 40. Nb7 Re4 41. Re8+ Kxe8 42. Nd6+ Kd7 43. Nxe4 Ke6 44. Nxg5+ Ke5 45. Nf3+ Ke4 46. Nd2+ Kd3 47. f4 Kxd2 48. f5 1-0

[Event "Rio de Janeiro Baptista Caiafa Memorial"]
[Site "Rio de Janeiro"]
[Date "2009.05.01"]
[Round "4.5"]
[White "Oliveira, Fernando Ventura"]
[Black "Sobrinho, Pericles Duarte"]
[Result "1/2-1/2"]
[WhiteElo "2148"]
[BlackElo "2148"]
[PlyCount "67"]
[EventDate "2009.05.01"]
[EventType "tourn"]
[EventRounds "9"]
[EventCountry "BRA"]
[SourceTitle "EXT 2022"]
[Source "ChessBase"]
[SourceDate "2021.10.06"]
[SourceVersion "1"]
[SourceVersionDate "2021.10.06"]
[SourceQuality "1"]

1. e4 e5 2. Nf3 Nf6 3. Nxe5 d6 4. Nf3 Nxe4 5. d3 Nf6 6. Qe2+ Qe7 7. Bg5 Qxe2+ 8. Bxe2 Be7 9. Nbd2 c6 10. 0-0-0 0-0 11. h3 Be6 12. Nd4 Bd7 13. Rhe1 Re8 14. Bf3 Na6 15. a3 h6 16. Bh4 d5 17. Kb1 Nc5 18. Nf1 Ne6 19. Nxe6 Bxe6 20. Re2 Nd7 21. Bxe7 Rxe7 22. Rde1 Rae8 23. Ng3 Kf8 24. Nh5 g6 25. Nf4 g5 26. Nxe6+ Rxe6 27. Rxe6 Rxe6 28. Rxe6 fxe6 29. c3 Ke7 30. Kc2 e5 31. Bg4 Nf6 32. Bf5 Kd6 33. Kd2 Kc5 34. b3 1/2-1/2

[Event "Rio de Janeiro Baptista Caiafa Memorial"]
[Site "Rio de Janeiro"]
[Date "2009.05.01"]
[Round "3.2"]
[White "Sobrinho, Pericles Duarte"]
[Black "Cunha, Eduardo Arruda da G"]
[Result "0-1"]
[WhiteElo "2148"]
[BlackElo "2287"]
[PlyCount "110"]
[EventDate "2009.05.01"]
[EventType "tourn"]
[EventRounds "9"]
[EventCountry "BRA"]
[SourceTitle "EXT 2022"]
[Source "ChessBase"]
[SourceDate "2021.10.06"]
[SourceVersion "1"]
[SourceVersionDate "2021.10.06"]
[SourceQuality "1"]

1. d4 d5 2. c4 e5 3. dxe5 d4 4. Nf3 Nc6 5. g3 Bg4 6. Bg2 Qd7 7. Nbd2 0-0-0 8. 0-0 h5 9. h4 Be7 10. a3 Qf5 11. b4 d3 12. e4 Qe6 13. Qa4 Kb8 14. Bb2 f6 15. exf6 gxf6 16. b5 Ne5 17. Nd4 Qf7 18. Nc6+ Nxc6 19. bxc6 b6 20. Qa6 Bc8 21. Qb5 Nh6 22. a4 a6 23. Qb3 a5 24. Qb5 Ka7 25. Bc3 Bb4 26. Bxb4 Ba6 27. c5 Bxb5 28. axb5 Ra8 29. Ra4 Rhd8 30. Rfa1 Kb8 31. cxb6 cxb6 32. Nc4 Qxc4 33. Bd6+ Rxd6 34. Rxc4 Kc7 35. Bf3 Re8 36. Bxh5 Re5 37. Bf3 Rxb5 38. Kf1 Nf7 39. Rc3 Ne5 40. Bd1 Rb2 41. f4 Nxc6 42. g4 b5 43. h5 b4 44. Rc5 Kb6 45. Rac1 b3 46. h6 Rh2 47. Rh5 Rxh5 48. gxh5 a4 49. h7 Rd8 50. Rb1 Kc5 51. Bg4 Nd4 52. Ke1 a3 53. Kd2 a2 54. Rc1+ Kb4 55. Kxd3 b2 0-1

[Event "Rio de Janeiro Baptista Caiafa Memorial"]
[Site "Rio de Janeiro"]
[Date "2009.05.01"]
[Round "9.3"]
[White "Vieira, Icaro Antonio Geral"]
[Black "Sobrinho, Pericles Duarte"]
[Result "0-1"]
[WhiteElo "2241"]
[BlackElo "2148"]
[PlyCount "70"]
[EventDate "2009.05.01"]
[EventType "tourn"]
[EventRounds "9"]
[EventCountry "BRA"]
[SourceTitle "EXT 2022"]
[Source "ChessBase"]
[SourceDate "2021.10.06"]
[SourceVersion "1"]
[SourceVersionDate "2021.10.06"]
[SourceQuality "1"]

1. e4 e5 2. Nf3 Nf6 3. Nxe5 d6 4. Nxf7 Kxf7 5. d4 c5 6. Bc4+ d5 7. exd5 b5 8. Bxb5 Qxd5 9. 0-0 Bb7 10. f3 Qxd4+ 11. Qxd4 cxd4 12. Bg5 Nbd7 13. Nd2 Rc8 14. Rac1 Rc5 15. Bxf6 Nxf6 16. Bd3 Bd6 17. Nb3 Rh5 18. g3 Rd8 19. Rce1 Bc7 20. Re2 Nd5 21. Rfe1 Bb6 22. Nd2 Ne3 23. Nc4 Ba6 24. Nxe3 Bxd3 25. cxd3 dxe3 26. Rd1 Rhd5 27. b3 Rxd3 28. Rxd3 Rxd3 29. Kf1 Ke6 30. Rc2 Rd1+ 31. Ke2 Rh1 32. Kd3 Rf1 33. f4 Kf5 34. h3 Rg1 35. a4 Rxg3 0-1